000 00499nam a2200169Ia 4500
999 _c25973
_d25973
003 OSt
005 20211111100458.0
008 190216s9999||||xx |||||||||||||| ||und||
040 _coclc
082 _a894.8121
_bEDA/K
100 _aNair, Edasseri Govindan
_96933
245 0 _aKumkumaprabhatham /
_cEdasseri Govindan Nair
260 _bPoorna Publication,
_c1975.
_aKozhikode:
300 _a92p
650 _aKavithkal
942 _cBK
_2ddc
_h894.8121
_iEDA/K
_k894.8121
_mEDA/K